| 000 | 01149cam a2200301 i 4500 | ||
|---|---|---|---|
| 999 |
_c64918 _d64918 |
||
| 001 | 64918 | ||
| 003 | Mx-PuUPA | ||
| 005 | 20210403212216.0 | ||
| 008 | 080626s2007 sp ah r 000 0 spa d | ||
| 020 | _a9788496704008 | ||
| 040 |
_aMx-PuUPA _dMx-PuUPA _bspa _cMx-PuUPA _erda |
||
| 041 | 0 | _aspa | |
| 245 | 0 | 0 |
_aSantiago Ramón y Cajal : _bun nobel complutense 1906-2006 / _cfotografía, Pablo Linés Vinuelles |
| 264 | 4 |
_a[Madrid] : _bUniversidad Complutense. Área de ciencias de la salud, _c[2007?] |
|
| 300 |
_a254 páginas : _bilustraciones, facsímiles ; _c22 cm. |
||
| 336 |
_2rdacontent _atexto _btxt |
||
| 337 |
_2rdamedia _asin medio _bn |
||
| 338 |
_2rdacarrier _avolumen _bnc |
||
| 600 | 1 | 4 |
_aRamón y Cajal, Santiago, _d1852-1934 _xBiografías |
| 600 | 1 | 4 |
_aRamón y Cajal, Santiago, _d1852-1934 _xCrítica e interpretación |
| 650 | 4 |
_aMedicina _xHistoria |
|
| 650 | 4 |
_aCiencia _xHistoria |
|
| 700 | 1 |
_aLinés Vinuelles, Pablo, _efotógrafo |
|
| 942 |
_2ddc _cLI _h620.961092 _iS194 |
||